Statistics for More or less Countries by GDP (nominal)

Click here to take the quiz!

General Stats

  • This quiz has been taken 60 times
  • The average score is 4 of 10

Answer Stats

QuestionAnswer% Correct
Which has more GDPJapan
86%
Which has more GDPUruguay
47%
Which has more GDPKuwait
45%
Which has more GDPRomania
45%
Which has more GDPBelguim
41%
Which has more GDPDominican Republic
33%
Which has more GDPLiberia
33%
Which has more GDPPanama
33%
Which has more GDPTaiwan
24%
Which has more GDPKosovo
4%

Score Distribution

Percentile by Number Answered

Percent of People with Each Score

Your Score History

You have not taken this quiz